Návrh implementácie vybraných metód hodnotenia výkonnosti manažérstva kvality vo vybranej organizácii

Gespeichert in:
Bibliographische Detailangaben
1. Verfasser: Lužáková, Michaela, 1987- (Verfasst von)
Weitere Verfasser: Paulová, Iveta (Betreuung Doktorarbeit)
Format: Manuskript Buch
Sprache:Slowakisch
Veröffentlicht: Trnava : STU v Bratislave MTF UPMK, 2012
Schlagworte:
Online-Zugang:VAIS
Tags: Tag hinzufügen
Keine Tags, Fügen Sie das erste Tag hinzu!

MARC

LEADER 00000ntm a22000003a 4500
001 stu248834
005 20160719160647.0
008 120620s2012----xo------------------slo-d
040 |a STU  |b slo 
041 0 |a slo 
044 |a xo 
100 1 |a Lužáková, Michaela,  |d 1987-  |4 aut  |X 48469  |7 A000048469 
242 0 0 |a Suggestion for implementation of selected methods of rating the performance of the quality management in selected organization  |y eng 
245 1 |a Návrh implementácie vybraných metód hodnotenia výkonnosti manažérstva kvality vo vybranej organizácii 
260 |a Trnava :  |b STU v Bratislave MTF UPMK,  |c 2012 
300 |a 81s  |c CD ROM 
650 7 |a inžinierstvo kvality produkcie  |2 stusub 
650 7 |a Engineering of Production Quality  |2 estusub 
650 7 |a performance  |2 estusub 
650 7 |a quality  |2 estusub 
650 7 |a výkonnosť  |2 stusub 
650 7 |a kvalita  |2 stusub 
700 1 |a Paulová, Iveta  |4 ths  |u M300  |U MTF Ústav priemyselného inžinierstva a manažmentu  |T MTF Katedra inžinierstva kvality  |U M300  |Y M300 
856 4 |a info a plný text  |u http://is.stuba.sk/zp/portal_zp.pl?podrobnosti=80098  |3 VAIS 
996 |c M*DP-10780  |l MMSKP  |s P  |a 0  |w stu248834_0001